[Event "Fynsmesterskabet"]
[Site "Odense"]
[Date "2011.06.04"]
[Round "7"]
[White "Topholm, Morten"]
[Black "Bromann, Thorbjorn"]
[Result "0-1"]
[WhiteElo "2159"]
[BlackElo "2405"]
[PlyCount "77"]
[EventDate "2011.06.01"]
[EventType "swiss"]
[EventRounds "9"]
[EventCountry "DEN"]
[SourceTitle "CBM 142 Extra"]
[Source "ChessBase"]
[SourceDate "2011.06.27"]

1. e4 g6 2. d4 Bg7 3. Nf3 d6 4. h3 Nf6 5. Nc3 O-O 6. Be3 Nc6 7. Qd2 e5 8. d5
Ne7 9. g4 Nxe4 10. Nxe4 f5 11. Bh6 fxe4 12. Bxg7 Kxg7 13. Ng5 Nxd5 14. Nxe4 Nf4
15. g5 d5 16. O-O-O Be6 17. Nf6 d4 18. Qe1 Qd6 19. Ne4 Qd5 20. Nf6 Qd6 21. Ne4
Qd5 22. Nf6 Rxf6 23. gxf6+ Kxf6 24. f3 Qxa2 25. Qh4+ Kg7 26. Qe7+ Kg8 27. h4
Qa1+ 28. Kd2 Qxb2 29. Bd3 Qc3+ 30. Kc1 Qa1+ 31. Kd2 Qc3+ 32. Kc1 Bf7 33. Rh2
Qa1+ 34. Kd2 Qc3+ 35. Kc1 Re8 36. Qd7 Qa1+ 37. Kd2 Qa5+ 38. Kc1 Qa3+ 39. Kd2
0-1

[Event "Fynsmesterskabet"]
[Site "Odense"]
[Date "2011.06.05"]
[Round "8"]
[White "Bank Friis, Carsten"]
[Black "Andersen, Lars Ren"]
[Result "1-0"]
[WhiteElo "2321"]
[BlackElo "2137"]
[PlyCount "69"]
[EventDate "2011.06.01"]
[EventType "swiss"]
[EventRounds "9"]
[EventCountry "DEN"]
[SourceTitle "CBM 142 Extra"]
[Source "ChessBase"]
[SourceDate "2011.06.27"]

1. b3 d5 2. Bb2 Nf6 3. e3 e6 4. f4 Be7 5. Nf3 c5 6. Be2 Nc6 7. O-O O-O 8. Ne5
Qc7 9. Qe1 d4 10. Nxc6 Qxc6 11. Bf3 Qc7 12. Na3 Bd7 13. Nc4 Bb5 14. g3 Rfe8 15.
a4 Ba6 16. exd4 cxd4 17. Qe5 Rec8 18. Bxd4 Bxc4 19. bxc4 Qxc4 20. Bxb7 Rd8 21.
Bxa8 Rxd4 22. d3 Qxc2 23. Qxd4 Bc5 24. Rac1 Bxd4+ 25. Kh1 Qxc1 26. Rxc1 g6 27.
Kg2 h5 28. h3 Kf8 29. a5 Ne8 30. Rc4 Bf6 31. Rc8 Ke7 32. Bc6 Ng7 33. Rc7+ Kd6
34. Rxf7 Bc3 35. Be4 1-0

[Event "Fynsmesterskabet"]
[Site "Odense"]
[Date "2011.06.05"]
[Round "8"]
[White "Bromann, Thorbjorn"]
[Black "Fries Nielsen, Niels Jorgen"]
[Result "1/2-1/2"]
[WhiteElo "2405"]
[BlackElo "2326"]
[PlyCount "144"]
[EventDate "2011.06.01"]
[EventType "swiss"]
[EventRounds "9"]
[EventCountry "DEN"]
[SourceTitle "CBM 142 Extra"]
[Source "ChessBase"]
[SourceDate "2011.06.27"]

1. e4 d5 2. exd5 Qxd5 3. Nc3 Qa5 4. Bc4 Nf6 5. d3 c6 6. Bd2 Qc7 7. Qe2 Nbd7 8.
f4 Nb6 9. Bb3 Nbd5 10. Nxd5 Nxd5 11. Nf3 Bg4 12. h3 Bxf3 13. Qxf3 e6 14. O-O
Bc5+ 15. Kh1 O-O 16. f5 Qe5 17. Rae1 Qxf5 18. Qxf5 exf5 19. Rxf5 g6 20. Rf3
Rad8 21. Bg5 Rfe8 22. Re4 f5 23. Bxd8 fxe4 24. dxe4 Rxe4 25. Ba5 Kg7 26. Rd3
Rd4 27. Rxd4 Bxd4 28. c3 Bf6 29. Bxd5 cxd5 30. Bc7 d4 31. cxd4 Bxd4 32. b3 Kf6
33. g4 Be5 34. Ba5 Ke6 35. Kg2 Kd5 36. Kf3 Kd4 37. Ke2 Ke4 38. Bd2 Bf4 39. Be1
Be3 40. Bg3 a6 41. Bc7 Bc5 42. Ba5 Be3 43. Bc7 b6 44. Bd8 Bd4 45. Bg5 Bg1 46.
Bd8 Be3 47. Bc7 Bc5 48. Bd8 Bg1 49. Bc7 Bd4 50. Bg3 Bc5 51. Bc7 Bd4 52. Bg3 a5
53. Bc7 Be3 54. Bd8 Bc5 55. a4 h6 56. Bc7 Kd4 57. Kd2 Bb4+ 58. Kc2 Bc5 59. Kd2
h5 60. gxh5 gxh5 61. Kc2 Ke4 62. Kc3 h4 63. Kc4 Kf3 64. Kd3 Kg2 65. Ke2 Kxh3
66. Kf3 Bg1 67. Bd8 Bd4 68. Bc7 Bc5 69. Bd8 Bd4 70. Bc7 Bc5 71. Bd8 Bd4 72. Bc7
Bc5 1/2-1/2

[Event "Fynsmesterskabet"]
[Site "Odense"]
[Date "2011.06.05"]
[Round "8"]
[White "Brunello, Sabino"]
[Black "Antonsen, Mikkel"]
[Result "0-1"]
[WhiteElo "2537"]
[BlackElo "2472"]
[PlyCount "102"]
[EventDate "2011.06.01"]
[EventType "swiss"]
[EventRounds "9"]
[EventCountry "DEN"]
[SourceTitle "CBM 142 Extra"]
[Source "ChessBase"]
[SourceDate "2011.06.27"]

1. c4 e6 2. g3 d5 3. Nf3 Nf6 4. Bg2 Be7 5. O-O O-O 6. b3 b6 7. Bb2 Bb7 8. e3 c5
9. Nc3 dxc4 10. bxc4 Nc6 11. Qe2 a6 12. d4 Na5 13. dxc5 bxc5 14. e4 Nd7 15. e5
Nb6 16. Rad1 Qc7 17. Ne4 Bxe4 18. Qxe4 Naxc4 19. Bc3 Rad8 20. a4 a5 21. Ra1 Qd7
22. Rfc1 Qd3 23. Qg4 Qg6 24. Qf4 f6 25. Qh4 Rd7 26. exf6 Bxf6 27. Bxf6 Qxf6 28.
Qxf6 Rxf6 29. Rab1 e5 30. Rb5 Rfd6 31. Bh3 Rd1+ 32. Rxd1 Rxd1+ 33. Kg2 e4 34.
Ng5 e3 35. fxe3 h6 36. Ne4 Nd5 37. Be6+ Kf8 38. Rxc5 Ndxe3+ 39. Kf3 Rd3 40. Nf2
Ra3 41. Bxc4 Nxc4+ 42. Ke4 Rxa4 43. Kd5 Ne3+ 44. Ke6 Kg8 45. h4 Nf1 46. Rc3 Kh7
47. h5 Rb4 48. g4 Rf4 49. Nd3 Rxg4 50. Ne5 Re4 51. Kf5 Rh4 0-1

[Event "Fynsmesterskabet"]
[Site "Odense"]
[Date "2011.06.05"]
[Round "8"]
[White "Christensen, Bo Garner"]
[Black "Kjolberg, Jens Hjorth"]
[Result "1-0"]
[WhiteElo "2287"]
[BlackElo "1931"]
[PlyCount "151"]
[EventDate "2011.06.01"]
[EventType "swiss"]
[EventRounds "9"]
[EventCountry "DEN"]
[SourceTitle "CBM 142 Extra"]
[Source "ChessBase"]
[SourceDate "2011.06.27"]

1. e4 c5 2. Nf3 d6 3. d4 cxd4 4. Nxd4 Nf6 5. Nc3 g6 6. Be3 Bg7 7. f3 Nc6 8. Qd2
O-O 9. Bc4 Bd7 10. Bb3 Rc8 11. h4 h5 12. Nde2 Ne5 13. Nf4 b5 14. Bxa7 Nc4 15.
Bxc4 Rxc4 16. Be3 b4 17. Nce2 Qc7 18. O-O Rxc2 19. Rac1 Rxc1 20. Rxc1 Qb7 21.
b3 Rb8 22. Nd3 Bb5 23. Nd4 Bxd3 24. Qxd3 Nd7 25. Nc6 Ne5 26. Qd5 Nxc6 27. Qxc6
Qxc6 28. Rxc6 Ra8 29. Rc2 Bf6 30. g3 Kf8 31. Kf1 Bc3 32. Ke2 Ke8 33. g4 e6 34.
Kd3 d5 35. exd5 exd5 36. Bd4 Bxd4 37. Kxd4 Ra5 38. gxh5 gxh5 39. Rc5 Rxa2 40.
Rxd5 Rf2 41. Rf5 Rc2 42. Rxh5 Rc3 43. Re5+ Kf8 44. Re3 Rc1 45. Ke5 Rc3 46. Kf4
Rc5 47. Re4 Rb5 48. Ke3 Kg7 49. Rf4 f5 50. Kd3 Kf6 51. Kc4 Rb8 52. Kc5 Ke5 53.
Rxb4 Rc8+ 54. Kb5 f4 55. Re4+ Kf5 56. Rc4 Rb8+ 57. Ka4 Ra8+ 58. Kb4 Rb8+ 59.
Kc3 Re8 60. Rc5+ Kg6 61. Rd5 Re3+ 62. Rd3 Re6 63. b4 Kh5 64. b5 Kxh4 65. Kc4
Kg3 66. Rb3 Rb6 67. Kc5 Rb8 68. b6 Kf2 69. Kc6 Rh8 70. b7 Kg3 71. Kc7 Rh7+ 72.
Kb6 Rh8 73. Ka7 Rh7 74. Ka8 Rh8+ 75. b8=Q Rxb8+ 76. Kxb8 1-0

[Event "Fynsmesterskabet"]
[Site "Odense"]
[Date "2011.06.05"]
[Round "8"]
[White "Danielsen, Henrik"]
[Black "Teplyi, Igor"]
[Result "1-0"]
[WhiteElo "2545"]
[BlackElo "2387"]
[PlyCount "147"]
[EventDate "2011.06.01"]
[EventType "swiss"]
[EventRounds "9"]
[EventCountry "DEN"]
[SourceTitle "CBM 142 Extra"]
[Source "ChessBase"]
[SourceDate "2011.06.27"]

1. c4 e5 2. g3 Nf6 3. Bg2 Nc6 4. Nc3 Bc5 5. a3 a6 6. e3 d6 7. Nge2 Ba7 8. O-O
O-O 9. b4 Rb8 10. Bb2 Ne7 11. d4 Be6 12. c5 exd4 13. exd4 Ned5 14. Nxd5 Bxd5
15. Nf4 Bxg2 16. Kxg2 c6 17. Re1 d5 18. f3 Re8 19. Nd3 Rc8 20. Bc1 Bb8 21. Bg5
Rxe1 22. Qxe1 h6 23. Bf4 Bxf4 24. Nxf4 Qe8 25. Kf2 Kf8 26. a4 Qd7 27. Qd2 Re8
28. g4 Qe7 29. h3 Qc7 30. Rh1 Kg8 31. Ne2 a5 32. bxa5 Ra8 33. h4 Qxa5 34. Qxa5
Rxa5 35. Rb1 Ra7 36. Rb4 h5 37. g5 Nd7 38. f4 f5 39. Ng3 g6 40. Ne2 Kf7 41. Nc1
Ke7 42. Nd3 Kd8 43. a5 Kc7 44. Ra4 Ra8 45. Kf3 Re8 46. a6 Ra8 47. a7 Kd8 48.
Ra1 Ke7 49. Ke3 Kd8 50. Kd2 Ke7 51. Kc3 Kf7 52. Kb4 Kf8 53. Ne1 Ke7 54. Nf3 Kf7
55. Ng1 Nf8 56. Ne2 Ne6 57. Ra2 Ke7 58. Kc3 Kd8 59. Ng1 Nxf4 60. Nf3 Ne6 61.
Ne5 Nf8 62. Nf7+ Kc7 63. Ra1 b6 64. Re1 bxc5 65. dxc5 Kd7 66. Ne5+ Kc7 67. Nd3
Kd7 68. Ra1 Kc7 69. Ra6 Nd7 70. Nb4 Kb7 71. Rxc6 Rxa7 72. Rxg6 Ra3+ 73. Kb2 Ra4
74. c6+ 1-0

[Event "Fynsmesterskabet"]
[Site "Odense"]
[Date "2011.06.05"]
[Round "8"]
[White "Epishin, Vladimir"]
[Black "Kantans, Toms"]
[Result "1/2-1/2"]
[WhiteElo "2562"]
[BlackElo "2306"]
[PlyCount "116"]
[EventDate "2011.06.01"]
[EventType "swiss"]
[EventRounds "9"]
[EventCountry "DEN"]
[SourceTitle "CBM 142 Extra"]
[Source "ChessBase"]
[SourceDate "2011.06.27"]

1. d4 Nf6 2. Nf3 d5 3. c4 c6 4. Qb3 e6 5. Bg5 h6 6. Bxf6 Qxf6 7. Nc3 Nd7 8.
cxd5 exd5 9. e4 dxe4 10. Nxe4 Qf4 11. Bd3 Be7 12. O-O O-O 13. Rfe1 Nf6 14. Ne5
Nxe4 15. Rxe4 Qf6 16. Bc4 Bd6 17. Qe3 Be6 18. Rf4 Qe7 19. Bd3 Rad8 20. Rf3 Bxe5
21. dxe5 Qb4 22. h3 Qxb2 23. Rb1 Qxa2 24. Rxb7 Qa1+ 25. Kh2 Rd5 26. Rxa7 Qxe5+
27. Qxe5 Rxe5 28. Rc7 Bd5 29. Rf4 Rfe8 30. Bc4 R5e7 31. Rxe7 Rxe7 32. Bxd5 cxd5
33. Rd4 Rd7 34. Kg3 f6 35. Kf3 Kf7 36. Ke3 Ke6 37. Ra4 h5 38. g4 Rb7 39. Ra6+
Kf7 40. gxh5 Rb3+ 41. Kf4 Rxh3 42. Ra7+ Kg8 43. Kg4 Rh2 44. Rd7 Kh7 45. f4 Rd2
46. Kf5 d4 47. Rd8 d3 48. h6 g6+ 49. Kxf6 Rd1 50. Kg5 d2 51. Rd7+ Kg8 52. h7+
Kh8 53. Kf6 Rf1 54. Rxd2 Rxf4+ 55. Kxg6 Rg4+ 56. Kh6 Rh4+ 57. Kg6 Rg4+ 58. Kh6
Rh4+ 1/2-1/2

[Event "Fynsmesterskabet"]
[Site "Odense"]
[Date "2011.06.05"]
[Round "8"]
[White "Frantsen, Tom"]
[Black "Frisk, Ellinor"]
[Result "1/2-1/2"]
[WhiteElo "2117"]
[BlackElo "2162"]
[PlyCount "43"]
[EventDate "2011.06.01"]
[EventType "swiss"]
[EventRounds "9"]
[EventCountry "DEN"]
[SourceTitle "CBM 142 Extra"]
[Source "ChessBase"]
[SourceDate "2011.06.27"]

1. e4 c5 2. Nf3 d6 3. c3 Nf6 4. Be2 Bd7 5. e5 dxe5 6. Nxe5 Nc6 7. Nxd7 Qxd7 8.
O-O g6 9. d3 Bg7 10. Qc2 O-O 11. Nd2 Rfd8 12. Ne4 b6 13. Nxf6+ Bxf6 14. Be3
Rac8 15. Qb3 Qd5 16. Qxd5 Rxd5 17. Rfd1 Rcd8 18. Kf1 e5 19. Bf3 R5d6 20. Ke2
Ne7 21. Ke1 Ra8 22. Bc1 1/2-1/2

[Event "Fynsmesterskabet"]
[Site "Odense"]
[Date "2011.06.05"]
[Round "8"]
[White "Fries Nielsen, Jens Ove"]
[Black "Lund, Silas"]
[Result "1-0"]
[WhiteElo "2386"]
[BlackElo "2401"]
[PlyCount "44"]
[EventDate "2011.06.01"]
[EventType "swiss"]
[EventRounds "9"]
[EventCountry "DEN"]
[SourceTitle "CBM 142 Extra"]
[Source "ChessBase"]
[SourceDate "2011.06.27"]

1. e3 f5 2. g4 fxg4 3. Qxg4 Nf6 4. Qg3 Nc6 5. f4 d5 6. Nf3 Bf5 7. Bb5 Ne4 8.
Qg2 e6 9. d3 Nd6 10. Bxc6+ bxc6 11. Nc3 Be7 12. Bd2 Bf6 13. O-O-O Qe7 14. Ne5
Bxe5 15. fxe5 Nb7 16. e4 Bg6 17. h4 d4 18. Na4 Bh5 19. Rdg1 O-O 20. Bg5 Qb4 21.
Bf6 Rf7 22. Qg5 Qf8 1-0

[Event "Fynsmesterskabet"]
[Site "Odense"]
[Date "2011.06.05"]
[Round "8"]
[White "Knudsen, Jesper"]
[Black "Topholm, Morten"]
[Result "1/2-1/2"]
[WhiteElo "2050"]
[BlackElo "2159"]
[PlyCount "52"]
[EventDate "2011.06.01"]
[EventType "swiss"]
[EventRounds "9"]
[EventCountry "DEN"]
[SourceTitle "CBM 142 Extra"]
[Source "ChessBase"]
[SourceDate "2011.06.27"]

1. e4 d5 2. exd5 Qxd5 3. Nc3 Qa5 4. d4 c6 5. Bc4 Bf5 6. Qe2 e6 7. Bd2 Nf6 8. d5
cxd5 9. Nxd5 Qd8 10. Nxf6+ Qxf6 11. O-O-O Ba3 12. c3 Be7 13. g4 Bg6 14. h4 h6
15. Nh3 Bh7 16. Nf4 Nc6 17. g5 Qe5 18. g6 Qxe2 19. gxf7+ Kxf7 20. Bxe2 Bf5 21.
Be3 Nb4 22. Bh5+ g6 23. Bxg6+ Bxg6 24. Nxg6 Nxa2+ 25. Kc2 Kxg6 26. Rd7 Bf6
1/2-1/2

[Event "Fynsmesterskabet"]
[Site "Odense"]
[Date "2011.06.05"]
[Round "8"]
[White "Lafuente, Pablo"]
[Black "Carlstedt, Jonathan"]
[Result "1/2-1/2"]
[WhiteElo "2555"]
[BlackElo "2308"]
[PlyCount "82"]
[EventDate "2011.06.01"]
[EventType "swiss"]
[EventRounds "9"]
[EventCountry "DEN"]
[SourceTitle "CBM 142 Extra"]
[Source "ChessBase"]
[SourceDate "2011.06.27"]

1. d4 d5 2. Nf3 e6 3. g3 Nf6 4. Bg2 Be7 5. O-O b5 6. c3 O-O 7. Bg5 Nbd7 8. Bxf6
Nxf6 9. Ne5 Bb7 10. Qb3 a6 11. a4 Bd6 12. Nd3 Qd7 13. Nd2 Ne4 14. Rfd1 Nxd2 15.
Rxd2 Bc6 16. axb5 axb5 17. Re1 f5 18. e3 Kh8 19. f3 g5 20. Qc2 Qg7 21. f4 g4
22. Rdd1 h5 23. Ra1 Qg8 24. Bf1 Rxa1 25. Rxa1 Ra8 26. Qb1 Qb8 27. b4 Rxa1 28.
Qxa1 Qa8 29. Qxa8+ Bxa8 30. Ne5 Bxe5 31. dxe5 c6 32. Kf2 Kg7 33. Ke2 Kf7 34.
Kd3 Ke7 35. Kd4 Kd7 36. Kc5 Kc7 37. h3 Bb7 38. hxg4 hxg4 39. Be2 Bc8 40. Bd1
Bd7 41. Bb3 Bc8 1/2-1/2

[Event "Fynsmesterskabet"]
[Site "Odense"]
[Date "2011.06.05"]
[Round "8"]
[White "Mikkelsen, Nikolaj"]
[Black "Stigar, Petter"]
[Result "1-0"]
[WhiteElo "2401"]
[BlackElo "2314"]
[PlyCount "83"]
[EventDate "2011.06.01"]
[EventType "swiss"]
[EventRounds "9"]
[EventCountry "DEN"]
[SourceTitle "CBM 142 Extra"]
[Source "ChessBase"]
[SourceDate "2011.06.27"]

1. e4 c6 2. d4 d5 3. Nc3 dxe4 4. Nxe4 Bf5 5. Ng3 Bg6 6. h4 h6 7. Nf3 Nd7 8. h5
Bh7 9. Bd3 Bxd3 10. Qxd3 e6 11. Bd2 Qc7 12. O-O-O Ngf6 13. Ne4 O-O-O 14. g3
Nxe4 15. Qxe4 Bd6 16. c4 Nf6 17. Qe2 c5 18. Bc3 cxd4 19. Nxd4 a6 20. Nf3 Qc6
21. Ne5 Bxe5 22. Bxe5 Rxd1+ 23. Rxd1 Rd8 24. Re1 Qd7 25. g4 Qd3 26. f3 Ne8 27.
Bc3 Rd6 28. Qxd3 Rxd3 29. Rf1 f6 30. Kc2 Rd7 31. Re1 Rd6 32. f4 Kd7 33. Rg1 Rc6
34. b3 Ke7 35. Bb4+ Kd7 36. g5 hxg5 37. fxg5 fxg5 38. Rxg5 Rc7 39. Ba5 Rc6 40.
Bc3 b6 41. Bxg7 Nxg7 42. h6 1-0

[Event "Fynsmesterskabet"]
[Site "Odense"]
[Date "2011.06.05"]
[Round "8"]
[White "Pedersen, Hans Buus"]
[Black "Grau, Peter"]
[Result "1-0"]
[WhiteElo "2141"]
[BlackElo "2101"]
[PlyCount "48"]
[EventDate "2011.06.01"]
[EventType "swiss"]
[EventRounds "9"]
[EventCountry "DEN"]
[SourceTitle "CBM 142 Extra"]
[Source "ChessBase"]
[SourceDate "2011.06.27"]

1. Nf3 Nf6 2. d4 e6 3. Bf4 b6 4. e3 c5 5. c3 Nc6 6. Bd3 cxd4 7. exd4 g6 8. O-O
Nh5 9. Bg5 Qc7 10. Na3 Bxa3 11. bxa3 Na5 12. Rc1 Nc4 13. Qe2 b5 14. a4 h6 15.
Be3 a6 16. Rb1 Nxe3 17. fxe3 O-O 18. Ne5 Bb7 19. Rxf7 Rxf7 20. Bxg6 Rg7 21.
Qxh5 Qxc3 22. Ng4 Qd2 23. Nxh6+ Kf8 24. Rf1+ Ke7 1-0

[Event "Fynsmesterskabet"]
[Site "Odense"]
[Date "2011.06.05"]
[Round "8"]
[White "Brondt, Nicolai Kvist"]
[Black "Hansen, Lars Henrik Bech"]
[Result "1-0"]
[WhiteElo "2151"]
[BlackElo "1993"]
[PlyCount "88"]
[EventDate "2011.06.01"]
[EventType "swiss"]
[EventRounds "9"]
[EventCountry "DEN"]
[SourceTitle "CBM 142 Extra"]
[Source "ChessBase"]
[SourceDate "2011.06.27"]

1. d4 g6 2. Nf3 Nf6 3. c4 Bg7 4. g3 O-O 5. Bg2 d6 6. Nc3 c6 7. O-O Qa5 8. e4 e5
9. h3 Be6 10. d5 cxd5 11. cxd5 Bd7 12. Qe2 b5 13. Nd2 b4 14. Nc4 Qa6 15. Nd1
Bb5 16. b3 Rc8 17. Ndb2 Nbd7 18. Be3 Nc5 19. f3 Rab8 20. g4 Na4 21. Nxa4 Bxc4
22. Qf2 Bb5 23. Rfc1 Bxa4 24. bxa4 Qxa4 25. Bxa7 Ra8 26. Be3 h5 27. Rxc8+ Rxc8
28. Rc1 Rxc1+ 29. Bxc1 Qd1+ 30. Qf1 Qc2 31. Qe1 hxg4 32. hxg4 Qxa2 33. Qxb4 Qa1
34. Qb2 Qxb2 35. Bxb2 Nd7 36. Bc1 f6 37. Kf2 Bf8 38. Bd2 Be7 39. Ba5 f5 40.
gxf5 gxf5 41. Bh3 Kf7 42. Bxf5 Nc5 43. Ke3 Nb3 44. Bc3 Bf6 1-0

[Event "Fynsmesterskabet"]
[Site "Odense"]
[Date "2011.06.05"]
[Round "8"]
[White "Poulsen, Iver"]
[Black "Johansen, Johnny Holler"]
[Result "1-0"]
[WhiteElo "2100"]
[BlackElo "1986"]
[PlyCount "87"]
[EventDate "2011.06.01"]
[EventType "swiss"]
[EventRounds "9"]
[EventCountry "DEN"]
[SourceTitle "CBM 142 Extra"]
[Source "ChessBase"]
[SourceDate "2011.06.27"]

1. e4 c5 2. Nc3 Nc6 3. Nge2 g6 4. d4 cxd4 5. Nxd4 Bg7 6. Be3 Nf6 7. Bc4 O-O 8.
Bb3 a5 9. f3 d5 10. Bxd5 Nxd5 11. exd5 Nb4 12. Nde2 e6 13. O-O Nxd5 14. Nxd5
exd5 15. Bd4 Bxd4+ 16. Qxd4 Bf5 17. c3 Ra6 18. Rad1 Qb6 19. Rd2 Re8 20. Qxb6
Rxb6 21. Nd4 Bd7 22. Kf2 Kg7 23. Re1 Rxe1 24. Kxe1 Kf6 25. Nb3 Rb5 26. Nd4 Rb6
27. Kf2 Bc6 28. Ke3 Ke5 29. f4+ Kf6 30. g4 Ra6 31. g5+ Kg7 32. Nxc6 bxc6 33.
Kd4 h6 34. h4 hxg5 35. hxg5 Ra8 36. Kc5 Re8 37. Kxc6 Re4 38. Rf2 f6 39. Kxd5
Ra4 40. b3 Ra3 41. Kc4 Kf7 42. Re2 fxg5 43. fxg5 Kg7 44. Kb5 1-0

[Event "Fynsmesterskabet"]
[Site "Odense"]
[Date "2011.06.05"]
[Round "8"]
[White "Preuss, Flemming"]
[Black "Kjolberg, Lars"]
[Result "0-1"]
[WhiteElo "1991"]
[BlackElo "2145"]
[PlyCount "100"]
[EventDate "2011.06.01"]
[EventType "swiss"]
[EventRounds "9"]
[EventCountry "DEN"]
[SourceTitle "CBM 142 Extra"]
[Source "ChessBase"]
[SourceDate "2011.06.27"]

1. f4 d5 2. Nf3 Nf6 3. d3 c5 4. c3 Nc6 5. Qc2 Bg4 6. Nbd2 Qc7 7. g3 e5 8. fxe5
Nxe5 9. Bg2 Bd6 10. Nxe5 Bxe5 11. Nf3 Bd6 12. Qa4+ Bd7 13. Qh4 Be7 14. Qf4 Qb6
15. O-O h6 16. e4 dxe4 17. dxe4 Be6 18. Qe3 O-O 19. Qe2 Rad8 20. Kh1 Bg4 21. h3
Bxf3 22. Bxf3 Qe6 23. Kg2 Bd6 24. Bf4 Be5 25. a3 Rd6 26. Rad1 Rfd8 27. Rxd6
Rxd6 28. Qe3 b6 29. Re1 g5 30. Bxe5 Qxe5 31. Qe2 a5 32. Bg4 Nxg4 33. Qxg4 Rd3
34. Rf1 Re3 35. Rf5 Qxe4+ 36. Qxe4 Rxe4 37. Kf3 Re1 38. Kg4 Kg7 39. Rf2 Re3 40.
Rd2 Kg6 41. Rd6+ Re6 42. Rd2 f5+ 43. Kf3 Kf6 44. Rd5 h5 45. Kf2 Rc6 46. Kf3 Ke6
47. Rd8 Ke5 48. Rg8 g4+ 49. hxg4 hxg4+ 50. Ke3 Re6 0-1

[Event "Fynsmesterskabet"]
[Site "Odense"]
[Date "2011.06.05"]
[Round "8"]
[White "Rasmussen, Jens"]
[Black "Larsen, Ulrik Jejlskov"]
[Result "0-1"]
[WhiteElo "1789"]
[BlackElo "1755"]
[PlyCount "108"]
[EventDate "2011.06.01"]
[EventType "swiss"]
[EventRounds "9"]
[EventCountry "DEN"]
[SourceTitle "CBM 142 Extra"]
[Source "ChessBase"]
[SourceDate "2011.06.27"]

1. d4 Nf6 2. Nf3 g6 3. e3 Bg7 4. Bd3 O-O 5. Nbd2 d6 6. O-O Nbd7 7. Re1 e5 8. c3
Re8 9. e4 c6 10. b3 d5 11. Bb2 dxe4 12. Bxe4 exd4 13. cxd4 Nb6 14. Qc2 Nxe4 15.
Rxe4 Bf5 16. Rxe8+ Qxe8 17. Qd1 Rd8 18. Qf1 c5 19. Re1 Qd7 20. Qe2 cxd4 21. Qe7
Qxe7 22. Rxe7 Bc8 23. h3 Nd5 24. Re1 Nc3 25. a4 Be6 26. Ng5 Bd5 27. f3 h6 28.
Nge4 f5 29. Nf2 Bf6 30. Nd3 Bg5 31. f4 Bh4 32. Ra1 Ne4 33. Nf3 Bf6 34. Nde5
Bxb3 35. Nxg6 Nc3 36. Kf1 Nxa4 37. Nd2 Nxb2 38. Nxb3 a6 39. Nc5 d3 40. Nxd3
Rxd3 41. Ke2 Rd5 42. Rc1 Kf7 43. Ne5+ Bxe5 44. fxe5 Rxe5+ 45. Kf3 a5 46. Rc7+
Re7 47. Rc5 a4 48. Rxf5+ Kg6 49. Rb5 a3 50. Ra5 Nc4 51. Ra4 b5 52. Ra6+ Kg7 53.
h4 b4 54. h5 b3 0-1

[Event "Fynsmesterskabet"]
[Site "Odense"]
[Date "2011.06.05"]
[Round "8"]
[White "Rendboe, John Filip"]
[Black "Skjoldager, Per"]
[Result "1-0"]
[WhiteElo "2272"]
[BlackElo "2107"]
[PlyCount "99"]
[EventDate "2011.06.01"]
[EventType "swiss"]
[EventRounds "9"]
[EventCountry "DEN"]
[SourceTitle "CBM 142 Extra"]
[Source "ChessBase"]
[SourceDate "2011.06.27"]

1. d4 Nf6 2. c4 e6 3. Nc3 d5 4. cxd5 exd5 5. Bg5 Be7 6. e3 c6 7. Qc2 b6 8. Nf3
Bb7 9. Bd3 Nbd7 10. O-O O-O 11. Rab1 Re8 12. h3 Ne4 13. Bxe4 dxe4 14. Nxe4 c5
15. Bxe7 Qxe7 16. Ned2 Rac8 17. Qd3 cxd4 18. exd4 Qd6 19. Rfe1 Qd5 20. Qb3 Qf5
21. Rbc1 Nf6 22. Qa4 Rxc1 23. Rxc1 g5 24. Qxa7 Bd5 25. Qxb6 g4 26. hxg4 Nxg4
27. Qc7 Kh8 28. Qd6 h5 29. a4 h4 30. b4 Re6 31. Qd8+ Kg7 32. Qg5+ Qxg5 33. Nxg5
Re2 34. Ngf3 h3 35. gxh3 Nxf2 36. Kf1 Bxf3 37. Nxf3 Ra2 38. Ne5 f6 39. Rc7+ Kh6
40. Ng4+ Nxg4 41. hxg4 Rxa4 42. Rc4 Ra2 43. Ke1 Kg5 44. d5 f5 45. d6 Ra8 46.
Rc5 Kxg4 47. b5 Kf4 48. b6 Ke3 49. Rd5 f4 50. d7 1-0

[Event "Fynsmesterskabet"]
[Site "Odense"]
[Date "2011.06.05"]
[Round "8"]
[White "Rewitz, Poul"]
[Black "Hagen, Andreas Skytte"]
[Result "0-1"]
[WhiteElo "2289"]
[BlackElo "2346"]
[PlyCount "90"]
[EventDate "2011.06.01"]
[EventType "swiss"]
[EventRounds "9"]
[EventCountry "DEN"]
[SourceTitle "CBM 142 Extra"]
[Source "ChessBase"]
[SourceDate "2011.06.27"]

1. d4 Nf6 2. c4 g6 3. Nc3 d5 4. cxd5 Nxd5 5. Na4 Bg7 6. e4 Nb6 7. Nf3 O-O 8.
Be2 Bg4 9. Be3 Nc6 10. d5 Ne5 11. Nc5 Bxf3 12. gxf3 Nec4 13. Bd4 Nxb2 14. Qd2
N2c4 15. Qc3 e5 16. Bxc4 exd4 17. Qb3 Qf6 18. Rc1 d3 19. Qxd3 Nxc4 20. Rxc4
Qa1+ 21. Qd1 Bc3+ 22. Ke2 Qxa2+ 23. Kd3 Bg7 24. Qc2 Qa3+ 25. Qb3 Qxb3+ 26. Nxb3
c6 27. dxc6 bxc6 28. Rhc1 a5 29. Ra4 Rfb8 30. Kc4 Rb5 31. Rc2 Bf8 32. Nd4 Rc5+
33. Kd3 Rd8 34. f4 Rxc2 35. Kxc2 Bb4 36. Nb3 c5 37. Ra1 c4 38. Nxa5 Ra8 39. Ra4
Bxa5 40. Rxc4 Rd8 41. Ra4 Be1 42. f5 Kg7 43. h4 Rd2+ 44. Kc1 Rxf2 45. Kd1 Bc3
0-1

[Event "Fynsmesterskabet"]
[Site "Odense"]
[Date "2011.06.05"]
[Round "8"]
[White "Rhee, Alexander H"]
[Black "Hansen, Mads"]
[Result "1/2-1/2"]
[WhiteElo "2097"]
[BlackElo "2225"]
[PlyCount "197"]
[EventDate "2011.06.01"]
[EventType "swiss"]
[EventRounds "9"]
[EventCountry "DEN"]
[SourceTitle "CBM 142 Extra"]
[Source "ChessBase"]
[SourceDate "2011.06.27"]

1. c4 e5 2. Nc3 Nf6 3. g3 d5 4. cxd5 Nxd5 5. Bg2 Nb6 6. Nf3 Nc6 7. O-O Be7 8.
a3 O-O 9. b4 Be6 10. Rb1 f6 11. d3 Nd5 12. Na4 b5 13. Qc2 Ncxb4 14. axb4 bxa4
15. Bd2 Nb6 16. Rfc1 Rc8 17. Be3 Bb3 18. Rxb3 axb3 19. Qxb3+ Qd5 20. Qa3 Qd7
21. Qxa7 Nd5 22. Qa2 c6 23. Rxc6 Rcd8 24. Qc4 Kh8 25. Bd2 Qa7 26. Ne1 Qd4 27.
Qxd4 exd4 28. Nc2 Rd7 29. b5 Rb8 30. Nxd4 Nc7 31. Bf4 Rxd4 32. Bxc7 Rxb5 33.
Bb6 Rb1+ 34. Bf1 Rxb6 35. Rxb6 Kg8 36. Rb7 Kf7 37. e3 Rb4 38. Rc7 f5 39. d4 Ke6
40. Bc4+ Kd6 41. Rc5 Rb1+ 42. Bf1 Ke6 43. Re5+ Kf6 44. Kg2 Rc1 45. Rb5 g6 46.
Rb6+ Kf7 47. Bb5 h5 48. Bc6 Rc2 49. Ba4 Rd2 50. Bb3+ Kg7 51. Re6 Bf6 52. Re8 h4
53. Rg8+ Kh7 54. Bf7 hxg3 55. hxg3 Bg7 56. Rc8 Bf6 57. Rc6 Kg7 58. Rc7 Rb2 59.
Be6+ Kh6 60. Rf7 Bg7 61. g4 fxg4 62. Kg3 Rb6 63. Bxg4 Bf6 64. Bf3 Rd6 65. Kf4
Bh4 66. Ke5 Rb6 67. Be4 Rb2 68. f4 Rb3 69. Rf8 Kg7 70. Rc8 Bf6+ 71. Ke6 Rxe3
72. Rc7+ Kh6 73. Kxf6 Rxe4 74. f5 Rxd4 75. Ke5 Rd1 76. f6 Re1+ 77. Kd5 g5 78.
Re7 Ra1 79. Ke5 Ra5+ 80. Ke6 Ra6+ 81. Kf5 Ra5+ 82. Re5 Ra6 83. Re1 Ra5+ 84. Re5
Ra6 85. Re7 Ra5+ 86. Ke6 Ra6+ 87. Kf7 g4 88. Re6 Ra7+ 89. Kf8 Ra8+ 90. Re8 Ra7
91. f7 Kg6 92. Re6+ Kf5 93. Re7 Ra6 94. Kg7 Rg6+ 95. Kh7 Rf6 96. Rb7 g3 97.
Rb5+ Ke6 98. Kg8 Rg6+ 99. Kh7 1/2-1/2

[Event "Fynsmesterskabet"]
[Site "Odense"]
[Date "2011.06.05"]
[Round "8"]
[White "Rostgaard, Tobias Valentin"]
[Black "Bonnelykke, Ole"]
[Result "1-0"]
[WhiteElo "2207"]
[BlackElo "2067"]
[PlyCount "63"]
[EventDate "2011.06.01"]
[EventType "swiss"]
[EventRounds "9"]
[EventCountry "DEN"]
[SourceTitle "CBM 142 Extra"]
[Source "ChessBase"]
[SourceDate "2011.06.27"]

1. d4 Nf6 2. c4 c5 3. d5 b5 4. cxb5 a6 5. bxa6 Bxa6 6. Nc3 g6 7. g3 d6 8. Bg2
Bg7 9. Nf3 O-O 10. Rb1 Nbd7 11. O-O Qc7 12. b3 Rfb8 13. Qc2 Nb6 14. Rd1 Ra7 15.
a4 Nbd7 16. Nd2 Ne5 17. h3 Rab7 18. Ba3 Ned7 19. Bf1 Ne5 20. e3 Bxf1 21. Rxf1
Qa5 22. f4 Ned7 23. Nc4 Qd8 24. Rfd1 Nb6 25. Na5 Rc7 26. Nc6 Rxc6 27. dxc6 Qc8
28. Qg2 Ng4 29. hxg4 Bxc3 30. g5 Qe6 31. Rd3 Ba5 32. Rbd1 1-0